000 00502nam a2200157Ia 4500
008 170221s9999 xx 000 0 und d
100 _aJun Song
245 _aAnalysis and Detection of S-Shaped NLFM Signal Based on Instantaneous Frequency
245 _cJun Song, Yue Gao, and Demin Gao
260 _bJournal of Communications
260 _c2013
300 _a2 :
650 _xCommunication
650 _xMedia Arts
856 _uhttp://www.jocm.us/index.php?m=content&c=index&a=lists&catid=154
999 _c308868
_d308868